000
00290nam a2200085Ia 4500
008
171024s2006 xx 000 0 und d
245
_a
National Environment Policy 2006
260
_a
Ahmedabad
_b
Ministry of Environmental & Forests
_c
2006
650
_a
Eco system
_a
Environmental challenges - policy
999
_c
110490
_d
110490